Korupce a klientelismus v bývalých komunistických režimech střední a východní Evropy

Korupcia - vymedzenie pojmov. Povaha a vnútorná štruktúra komunistických režimov. Korupcia v komunistických režimoch. Systém nomenklatúry - sociálna hierarchia, klientelizmus a stranícka patronáž medzi komunistickými elitami. Korupcia po páde komunizmu - stručný náčrt vývoja.

Gespeichert in:
Bibliographische Detailangaben
1. Verfasser: Naxera, Vladimír
Format: Buchkapitel
Sprache:Tschechisch
Schlagworte:
Tags: Tag hinzufügen
Keine Tags, Fügen Sie das erste Tag hinzu!

MARC

LEADER 00000naa a2200000 4500
001 0191331
005 20231207095912.0
041 0 |a cze 
044 |a SK 
245 1 0 |a Korupce a klientelismus v bývalých komunistických režimech střední a východní Evropy  |c Vladimír Naxera 
520 |a Korupcia - vymedzenie pojmov. Povaha a vnútorná štruktúra komunistických režimov. Korupcia v komunistických režimoch. Systém nomenklatúry - sociálna hierarchia, klientelizmus a stranícka patronáž medzi komunistickými elitami. Korupcia po páde komunizmu - stručný náčrt vývoja. 
610 2 0 |a korupcia 
610 2 0 |a činnosť trestná 
610 2 0 |a komunizmus 
610 2 0 |a transformácia 
610 2 0 |a SVE 
100 1 |a Naxera, Vladimír